000 00695nam a2200241Ia 4500
003 OSt
005 20220928113809.0
006 a|||||r|||| 00| 0
007 ta
008 220927b |||||||| |||| 00| 0 eng d
024 _a64088
037 _cTextual
040 _aSDCL
_cSDCL
_beng
041 _2eng
_aeng
082 _aZ4m2,N20, L5
100 _aDandekar R.N.
_9396620
245 0 _aAnnals of the bhandarkar oriental research institute volume LVI 1975
260 _aPoona
_bBhandarkar institute press
_c1975
300 _avii;332p.
_ccm.
700 _a Bhat G.K.
_9435251
942 _hZ4m2,N20, L5
_cTEXL
_2CC
999 _c751474
_d751474